000 00672nam a2200241Ia 4500
005 20260430150729.0
008 008 250103s9999 xx 000 0 eng d
037 _aTheses
040 _aCRL
040 _beng
040 _ceng
041 _2eng
041 _aeng
084 _qCRL
100 _aYadav Smita Au.; Gupta Vibha Gu.; Suresh Kumar Gu.
_91238324
245 0 _aConstitutional Federalism and the Issues of Minorities in Nigeria Since 2000
260 _c2021
300 _a333p.
650 _aAfrican Literature
700 _aUniversity of Delhi. Faculty of Social Sciences. Deptt. of African Studies
942 _cTH
999 _c1850494
_d1850494